000 00354nam a22001337a 4500
008 190620b xxu||||| |||| 00| 0 eng d
020 _a0451527402
050 _aPR 1583
_b.B974 1963
100 _aBurton Raffel
245 _aBeowulf/
_cBurton Raffel
260 _aNew York:
_bSignet Classic
_c1963
300 _axxii, 159 p. : 170 cm.
942 _2lcc
_cBK
999 _c361925
_d361925